Score 0/30 Timer 03:00
11 Plays Today
% Correct
head
93.4%
red
92.4%
fed
92%
said
91.2%
dead
90.8%
led
90.3%
wed
88%
med
86.1%
lead
84.3%
ted
81.9%
ped
80.6%
bread
78%
dread
74.4%
read
74%
zed
72.2%
% Correct
tread
71.1%
bled
70.3%
sled
67%
cred
66.3%
fled
64%
shed
63.3%
stead
61.9%
pled, plead
60.2%
ed
55.2%
sped
53.4%
bred
51.7%
thread
44%
shred
37%
spread
33.5%
redd
12.6%
Remove Ads.
Support Sporcle.
Get the best of Sporcle when you Go Orange. This ad-free experience offers more features, more stats, and more fun while also helping to support Sporcle. Thank you for becoming a member.

You're not logged in!

Compare scores with friends on all Sporcle quizzes.
OR
Log In

Show Comments

Extras

Top Quizzes Today


Score Distribution

Your Account Isn't Verified!

In order to create a playlist on Sporcle, you need to verify the email address you used during registration. Go to your Sporcle Settings to finish the process.

Report this User

Report this user for behavior that violates our Community Guidelines.

Details: